مكتبة جامعة عجلون الوطنية

فهرس بحث المكتبة

On (d,e) - Lindelofness Topological Spaces/ (Record no. 33698)

MARC details
000 -LEADER
fixed length control field 00563nam a22001817a 4500
003 - CONTROL NUMBER IDENTIFIER
control field JO-AjAnu
005 - DATE AND TIME OF LATEST TRANSACTION
control field 20240921100744.0
008 - FIXED-LENGTH DATA ELEMENTS--GENERAL INFORMATION
fixed length control field 240918b jo ||||| |||| 00| 0 ara d
040 ## - CATALOGING SOURCE
Original cataloging agency JO-AjAnu
Language of cataloging ENG
Transcribing agency JO-AjAnu
041 ## - LANGUAGE CODE
Language code of original ENG
100 ## - MAIN ENTRY--PERSONAL NAME
Personal name Ghadaireh, Mo'men Ghassan Nawwaf
Relator term prepared
9 (RLIN) 66232
245 ## - TITLE STATEMENT
Title On (d,e) - Lindelofness Topological Spaces/
Statement of responsibility, etc. prepared Mo'men Ghassan Nawwaf Ghadaireh
Remainder of title ; Supervisior Ali Atoom
260 ## - PUBLICATION, DISTRIBUTION, ETC.
Date of publication, distribution, etc. 2024
300 ## - PHYSICAL DESCRIPTION
Extent 63 pages
650 ## - SUBJECT ADDED ENTRY--TOPICAL TERM
Form subdivision Mathematics
700 ## - ADDED ENTRY--PERSONAL NAME
Personal name Ali Atoom
Relator term Supervisor
9 (RLIN) 66233
942 ## - ADDED ENTRY ELEMENTS (KOHA)
Source of classification or shelving scheme Library of Congress Classification
Koha item type Thesis
Suppress in OPAC No
Holdings
Withdrawn status Lost status Source of classification or shelving scheme Damaged status Not for loan Home library Current library Date acquired Total Checkouts Full call number Barcode Date last seen Price effective from Koha item type
    Library of Congress Classification     مكتبة جامعة عجلون الوطنية مكتبة جامعة عجلون الوطنية 18/09/2024   QA39.2024 E3890 18/09/2024 18/09/2024 Thesis
    Library of Congress Classification     مكتبة جامعة عجلون الوطنية مكتبة جامعة عجلون الوطنية 18/09/2024   QA39.2024 E3889 18/09/2024 18/09/2024 Thesis